[Event "XXI Paul Keres Memorial Preliminary"]
[Site "Tallinn EST"]
[Date "2012.01.06"]
[Round "3"]
[White "Agopov,M"]
[Black "Kukk,S"]
[Result "1/2-1/2"]
[WhiteElo "2448"]
[BlackElo "2139"]

1.e4 g6 2.d4 Bg7 3.Nc3 d6 4.Bg5 c5 5.dxc5 Qa5 6.Qd2 Qxc5 7.Be3 Qb4 8.Nge2 Nf6
9.a3 Qa5 10.O-O-O Nc6 11.Bh6 Bxh6 12.Qxh6 Ng4 13.Qh4 Qc5 14.Nd5 Qxf2 15.Ng3 Ne3
16.Bd3 Nxd5 17.exd5 Ne5 18.Bb5+ Bd7 19.Bxd7+ Kxd7 20.Qa4+ Kc7 21.Rhe1 Rac8
22.Ne4 Qf4+ 23.Kb1 Kb8 24.Rd4 Qxh2 25.Rb4 Rc7 26.Nc3 Rxc3 27.bxc3 Rc8 28.Qb5 b6
29.Qa6 Rc7 30.Qe2 Qg3 31.Qe3 Rxc3 32.Qxg3 Rxg3 33.Re2 Rxa3 34.Kb2 Rg3 35.Rd4 b5
36.Rde4 Kc7 37.Kc1 Kb6 38.R4e3 Rg4 39.Re4 Rg3 40.R4e3 Rg5 41.Rc3 Kb7 42.g3 h5
43.Re4 Rf5 44.Rf4 Rxf4 45.gxf4 Ng4 46.Kd2 Nf6 47.Rd3 Kb6 48.Ke3 Kc5 49.Rc3+ Kxd5
50.Rc7 Ke6 51.Rxa7 Kf5 52.Ra5 Nd5+ 53.Kf3 Nxf4 54.c4 e5 55.cxb5 Nd5 56.Ra6 e4+
57.Kf2 Ke6 58.b6 Kd7 59.b7 Kc7 60.Rxd6 Nf4 61.Rd7+ Kb8 62.Rxf7 g5 63.Ke3 Ne6
64.Kxe4 Nc5+ 65.Kf5 Nxb7 66.Kxg5 Ka7 67.Kxh5 Kb6 68.Kg5  1/2-1/2

[Event "XXI Paul Keres Memorial Preliminary"]
[Site "Tallinn EST"]
[Date "2012.01.06"]
[Round "4"]
[White "Sepp,O"]
[Black "Kukk,S"]
[Result "0-1"]
[WhiteElo "2488"]
[BlackElo "2139"]

1.e4 g6 2.d4 Bg7 3.Nc3 d6 4.Be3 Nf6 5.Nf3 O-O 6.Qd2 Bg4 7.Ng5 Nc6 8.h3 Bd7
9.Nf3 e5 10.dxe5 Nxe5 11.Nxe5 dxe5 12.O-O-O Qe7 13.Bc4 Be6 14.Bxe6 Qxe6 15.f3 Rfc8
16.g4 Bf8 17.Nd5 c6 18.Nxf6+ Qxf6 19.Qe2 Qe6 20.Kb1 b5 21.h4 a5 22.h5 a4
23.hxg6 fxg6 24.Rd3 Rc7 25.Rhd1 Rf7 26.Bg5 h6 27.Bc1 g5 28.Qh2 Re8 29.Qh5 Kg7
30.b3 axb3 31.axb3 Qg6 32.Qh2 Bc5 33.Bb2 Rf4 34.Rd7+ Kg8 35.Qe2 Qf6 36.R1d3 Rf8
37.Qd1 Rxf3 38.Bxe5 Rxd3 39.Qxd3 Qxe5 40.Rb7 Bd4 41.c3 Bxc3 42.Qd7 Qxe4+  0-1

[Event "XXI Paul Keres Memorial Preliminary"]
[Site "Tallinn EST"]
[Date "2012.01.06"]
[Round "4"]
[White "Ryzhkov,Vj"]
[Black "Shvyrjov,I"]
[Result "1/2-1/2"]
[WhiteElo "2140"]
[BlackElo "2470"]

1.e4 g6 2.d4 Bg7 3.Nc3 d6 4.g3 c6 5.a4 a5 6.Bg2 Qb6 7.Nge2 Nf6 8.h3 O-O 9.Be3 Qc7
10.O-O e5 11.Qd2 Re8 12.Rad1 Na6 13.f4 exd4 14.Bxd4 Nb4 15.g4 Be6 16.f5 Bc4
17.fxg6 Re5 18.gxf7+ Bxf7 19.Bxe5 dxe5 20.Ng3 Bc4 21.Rf2 Qb6 22.Nf5 Ne8 23.Qg5 Be6
24.Qe3 Qxe3 25.Nxe3 Bf8 26.Kh2 Bc5 27.Rf3 Bxe3 28.Rxe3 Nxc2 29.Red3 Nd4 30.Kg3 Rd8
31.g5 Bb3 32.R1d2 Bc4 33.Re3 Ng7 34.Rf2 Nh5+ 35.Kh2 Nf4 36.Bf1 Bb3 37.Ne2 Ndxe2
38.Bxe2 Bxa4 39.Bc4+ Kg7 40.b3 Bb5 41.Bxb5 cxb5 42.Rc3 Rd7 43.Rfc2 Kg6 44.h4 Kh5
45.Kg3 b4 46.Re3 Rd1 47.Rc7 Rg1+ 48.Kf2 Rg2+ 49.Kf1 h6 50.gxh6 Kxh6 51.Rxb7 Ra2
52.Rb5 Ng6 53.Rb6 Kh5 54.Re6 Ra1+ 55.Kf2 Ra2+ 56.Kg3 Ra1 57.Rf3 Rg1+ 58.Kf2 Rg4
59.Ke3 Kxh4 60.Ra6 Rg2 61.Raf6 Nf4 62.Rf2 Rg3+ 63.Rf3 Rg1 64.Kd2 Rg2+ 65.Ke1 Re2+
66.Kf1 Rb2 67.Ra6 Kg4 68.Re3 Ra2 69.Ra8 Ne6 70.Re8 Kf4 71.Re2 Rxe2 72.Kxe2 Nd4+
73.Kd3 Nxb3 74.Rf8+ Kg4 75.Rg8+ Kf4 76.Rf8+ Kg3 77.Rg8+ Kf2 78.Rf8+ Ke1 79.Kc2 a4
80.Ra8 Nd4+ 81.Kb2 a3+ 82.Ka2 Kd2 83.Rb8 Kc2 84.Rxb4 Kd3 85.Ra4 Kxe4 86.Kxa3 Kd3
87.Ra5 e4 88.Re5  1/2-1/2

[Event "Northern California International"]
[Site "Fremont USA"]
[Date "2012.01.07"]
[Round "8"]
[White "Rensch,D"]
[Black "Bachmann,Ax"]
[Result "1/2-1/2"]
[WhiteElo "2401"]
[BlackElo "2560"]

1.e4 g6 2.d4 Bg7 3.Nc3 d6 4.Bg5 a6 5.Qd2 b5 6.Nf3 Bb7 7.Bd3 Nd7 8.a4 b4 9.Ne2 c5
10.c3 bxc3 11.bxc3 Ngf6 12.Ng3 O-O 13.O-O Qa5 14.Rfb1 Rab8 15.Qe2 Ba8 16.Bxa6 Qxc3
17.d5 Rxb1+ 18.Rxb1 e6 19.dxe6 fxe6 20.Qa2 Ne5 21.Qxe6+ Kh8 22.Nxe5 dxe5
23.Bxf6 Bxf6 24.Bc4 h5 25.Qd6 Bg7 26.Qd3 Qxd3 27.Bxd3 Rd8 28.f3 Rxd3 29.Rb8+ Kh7
30.Rxa8 Bh6 31.Nf1 Ra3 32.Rc8 Ra1 33.Kf2 Ra2+ 34.Ke1 Ra1+ 35.Ke2 Ra2+ 36.Ke1 Ra1+
37.Ke2 Ra2+ 38.Ke1  1/2-1/2

[Event "17th Bosnjaci Open"]
[Site "Bosnjaci CRO"]
[Date "2012.01.08"]
[Round "8.6"]
[White "Vajic,G"]
[Black "Leskur,D"]
[Result "0-1"]
[WhiteElo "2221"]
[BlackElo "2394"]

1.e4 g6 2.d4 Bg7 3.Nc3 d6 4.Be3 a6 5.Qd2 b5 6.a3 Bb7 7.f3 Nd7 8.h4 h6 9.h5 g5
10.Nge2 e6 11.Rd1 Ngf6 12.Ng3 Qe7 13.Bd3 c5 14.d5 Ne5 15.Be2 Rd8 16.b3 O-O
17.Bxg5 hxg5 18.Qxg5 Nxd5 19.Qxe7 Nxe7 20.Nb1 Bh6 21.Rf1 d5 22.f4 N5c6 23.f5 exf5
24.exd5 Nd4 25.c4 Nc2+  0-1

[Event "4th Chennai Open"]
[Site "Chennai IND"]
[Date "2012.01.10"]
[Round "9"]
[White "Hoang Thanh Trang"]
[Black "Dzhumaev,M"]
[Result "1/2-1/2"]
[WhiteElo "2435"]
[BlackElo "2481"]

1.d4 g6 2.e4 Bg7 3.Nc3 d6 4.Be3 a6 5.Qd2 Nd7 6.Nf3 b5 7.a4 b4 8.Ne2 Rb8 9.Ng3 c5
10.Bc4 h6 11.O-O Qc7 12.Qe2 Ra8 13.a5 Bb7 14.Rfe1 cxd4 15.Nxd4 Ngf6 16.Ra4 Nc5
17.Rxb4 Qxa5 18.c3 Qc7 19.Nb3 Ncd7 20.Na5 Bc8 21.Bd5 Nxd5 22.exd5 O-O 23.Nc6 Ne5
24.Nxe5 dxe5 25.Qd2 a5 26.Rh4 g5 27.Nh5 Ra6 28.Ra4 Rd8 29.Nxg7 Kxg7 30.c4 Bd7
31.Ra3 Qxc4 32.Rxa5 Rxa5 33.Qxa5 Rb8 34.Rc1 Rb5 35.Rxc4 Rxa5 36.Rc5 Ra1+
37.Rc1 Rxc1+ 38.Bxc1 Kf6 39.Be3 Bb5 40.Bc5 g4  1/2-1/2

[Event "11th Prague Open A"]
[Site "Prague CZE"]
[Date "2012.01.13"]
[Round "1"]
[White "Pon,N"]
[Black "Vokac,M"]
[Result "0-1"]
[WhiteElo "2108"]
[BlackElo "2471"]

1.e4 g6 2.d4 Bg7 3.Nc3 d6 4.f4 a6 5.Nf3 Nd7 6.Be2 b5 7.a3 Bb7 8.O-O c5 9.d5 b4
10.Nb1 Ngf6 11.Nbd2 O-O 12.Rb1 Qc7 13.c4 e6 14.Qc2 Rae8 15.Bd3 exd5 16.cxd5 a5
17.Re1 Re7 18.Nc4 Ba6 19.b3 Rfe8 20.Bb2 Bxc4 21.Qxc4 Nb6 22.Qc2 a4 23.Bb5 axb3
24.Qxb3 Rb8 25.Bxf6 Bxf6 26.axb4 cxb4 27.Rbc1 Bc3 28.Bd3 Qa7 29.Rf1 Nxd5+
30.Kh1 Nxf4 31.Bc4 Ne6 32.Rfd1 Nc5 33.Qb1 Nxe4  0-1

[Event "72nd ch-ARM"]
[Site "Yerevan ARM"]
[Date "2012.01.14"]
[Round "4"]
[White "Simonian,H"]
[Black "Minasian,Art"]
[Result "1/2-1/2"]
[WhiteElo "2470"]
[BlackElo "2525"]

1.e4 g6 2.d4 Bg7 3.Nc3 d6 4.Be3 a6 5.a4 Nf6 6.Nf3 O-O 7.h3 Nc6 8.Qd2 e5 9.dxe5 dxe5
10.Bc4 Qxd2+ 11.Nxd2 Nd4 12.Rc1 b6  1/2-1/2

[Event "TCh-BEL 2011-12"]
[Site "Belgium BEL"]
[Date "2012.01.15"]
[Round "6.7"]
[White "Goossens,E"]
[Black "Tonoli,W"]
[Result "1/2-1/2"]
[WhiteElo "2219"]
[BlackElo "2191"]

1.d4 g6 2.e4 Bg7 3.Nc3 d6 4.Nf3 Nf6 5.Be3 O-O 6.Qd2 Ng4 7.Bf4 e5 8.dxe5 Nxe5
9.Nxe5 dxe5 10.Qxd8 Rxd8 11.Bg5 f6 12.Bc4+ Kf8 13.Bd2 c6 14.O-O-O b6 15.Nb5 cxb5
16.Bb4+ Ke8 17.Rxd8+ Kxd8 18.Bd5 a5 19.Bd6 Kd7 20.Bxa8 Kxd6 21.c3 Kc7 22.f3 Be6
23.b3 Bf8 24.Rd1 b4 25.c4 Bc5 26.Bd5 Bd7 27.Kc2 Nc6 28.Bxc6 Bxc6 29.Kd3 f5
30.g4 b5 31.gxf5 gxf5 32.Rd2 fxe4+ 33.fxe4 Kb6 34.Rc2 bxc4+ 35.Kxc4 Bxe4
36.Re2 Bg6 37.Rxe5 Bf7+ 38.Kd3 a4 39.bxa4 Bxa2 40.a5+ Kc6 41.a6 Kd6 42.Rg5 Be6  1/2-1/2

[Event "5th Gora Swietej Anny"]
[Site "Gora Swietej Anny POL"]
[Date "2012.01.15"]
[Round "5.3"]
[White "Dmochowska,A"]
[Black "Malecki,R"]
[Result "0-1"]
[WhiteElo "1683"]
[BlackElo "2185"]

1.e4 d6 2.d4 g6 3.Nc3 Bg7 4.Be3 c6 5.Qd2 b5 6.h4 h5 7.f3 Nf6 8.Be2 Nbd7 9.Nd1 a6
10.Nf2 e5 11.c3 d5 12.Bd3 Qe7 13.Ne2 Bb7 14.Ng3 c5 15.Bc2 cxd4 16.cxd4 exd4
17.Bxd4 Ne5 18.Qe2 O-O 19.O-O-O Rfe8 20.f4 Nc6 21.e5 Qb4 22.Qd2 Qxd2+ 23.Rxd2 Nxd4
24.Rxd4 Nd7 25.Re1 Nc5 26.Nd3 Ne6 27.Rb4 Bf8 28.Rb3 Nd4 29.Rc3 b4 30.Rc7 Rac8
31.Rxb7 Rxc2+ 32.Kb1 Rxg2 33.Nf1 Nf3 34.Rd1 Rg1 35.Ne3 Rxd1+ 36.Nxd1 Nxh4
37.Ne3 d4 38.Nd5 Rd8 39.Nf6+ Kg7 40.Kc1 Nf5 41.Kd2 Ne3 42.Ne4 Kg8 43.Nf6+ Kg7
44.Ne4 Nf5 45.e6 Be7 46.exf7 h4 47.Ndf2 Kxf7 48.Ng5+ Kg8 49.Ng4 Bxg5 50.fxg5 Ng7
51.Nh6+ Kf8 52.Rf7+ Ke8 53.Rxg7 Rd5 54.Rxg6 h3 55.Ng4 Rf5 56.Kd3 Rf3+ 57.Ke2 Rg3
58.Nf2 Rg2 59.Rh6 d3+ 60.Kf3 d2 61.Nd1 Rg1 62.Ke2 Rg2+ 63.Kf3 Rg1 64.Ke2 Rg2+
65.Kf1 Rg3 66.Rh7 Kf8 67.g6 Kg8 68.b3 a5 69.Nb2  0-1

[Event "20th Fajr Open"]
[Site "Tabriz IRI"]
[Date "2012.01.16"]
[Round "6.7"]
[White "Sevdimaliev,U"]
[Black "Nigalidze,G"]
[Result "0-1"]
[WhiteElo "2143"]
[BlackElo "2460"]

1.e4 g6 2.d4 Bg7 3.Nc3 d6 4.f4 c6 5.Nf3 d5 6.e5 h5 7.Bd3 Nh6 8.O-O Bg4 9.h3 Bxf3
10.Qxf3 Nf5 11.Ne2 h4 12.Be3 e6 13.Bf2 Nd7 14.b3 a5 15.c4 Bf8 16.cxd5 cxd5
17.Nc3 Be7 18.Nb5 Nb8 19.Rac1 Nc6 20.a4 Kf8 21.Kh1 Rh5 22.Rfd1 Rh8 23.Rf1 Kg7
24.Rfe1 Rc8 25.Bb1 Bb4 26.Red1 Qg8 27.Rg1 Qh7 28.Rgd1 Qh6 29.Kh2 Nce7 30.Rxc8 Rxc8
31.Qg4 Kh8 32.Qf3 Rg8 33.Be1 Bxe1 34.Rxe1 Rg7 35.Bxf5 Nxf5 36.Rc1 g5 37.Rc8+ Rg8
38.Rxg8+ Kxg8 39.fxg5 Qxg5 40.Qg4 Qg7 41.Kg1 Kf8 42.Qxg7+ Kxg7 43.Kf2 Kg6
44.Ke2 Kg5 45.Kf3 b6 46.g4 hxg3 47.Nd6 Kh5 48.Kg2 Nxd4 49.Nc8 Nxb3 50.Nxb6 Nd4  0-1

[Event "72nd ch-ARM"]
[Site "Yerevan ARM"]
[Date "2012.01.16"]
[Round "6"]
[White "Hovhannisyan,R"]
[Black "Minasian,Art"]
[Result "1-0"]
[WhiteElo "2589"]
[BlackElo "2525"]

1.e4 g6 2.d4 Bg7 3.Nc3 d6 4.f4 a6 5.Nf3 b5 6.Bd3 Nd7 7.e5 Bb7 8.Qe2 c5 9.Ng5 Nh6
10.e6 Nf8 11.Bxb5+ axb5 12.Qxb5+ Nd7 13.Qxb7 O-O 14.Qxd7 Qa5 15.Qb5 cxd4
16.Qxa5 Rxa5 17.exf7+ Nxf7 18.Nce4 d5 19.Nxf7 dxe4 20.Ng5 e3 21.Ne6 Rc8 22.Nxg7 Rxc2
23.Ne6 d3 24.Bxe3 Re2+ 25.Kd1  1-0

[Event "10th Parsvnath Open"]
[Site "New Delhi IND"]
[Date "2012.01.17"]
[Round "4"]
[White "Girinath,P"]
[Black "Danielsen,Hen"]
[Result "1/2-1/2"]
[WhiteElo "2360"]
[BlackElo "2536"]

1.e4 g6 2.d4 Bg7 3.Nc3 d6 4.Be3 a6 5.h4 Nf6 6.f3 b5 7.Qd2 Nbd7 8.g4 h6 9.a4 b4
10.Nce2 a5 11.Ng3 Nb6 12.b3 c6 13.Nh3 Qc7 14.O-O-O Bb7 15.g5 hxg5 16.Nxg5 e6
17.Kb1 Nbd7 18.Bh3 Nf8 19.Qf2 d5 20.e5 N6d7 21.f4 Rc8 22.Bg4 c5 23.h5 cxd4
24.Bxd4 Qc6 25.hxg6 fxg6 26.Rxh8 Bxh8 27.Rd2 Rc7 28.Qh2 Bg7 29.Qh3 Ke7 30.Qh4 Ke8
31.Qh3 Ke7 32.Qh4 Ke8  1/2-1/2

[Event "11th Prague Open A"]
[Site "Prague CZE"]
[Date "2012.01.18"]
[Round "7"]
[White "Puranik,A"]
[Black "Vokac,M"]
[Result "1/2-1/2"]
[WhiteElo "2008"]
[BlackElo "2471"]

1.e4 g6 2.d4 Bg7 3.Nc3 d6 4.Be3 c6 5.f3 b5 6.Qd2 Nd7 7.g4 Bb7 8.h4 h5 9.g5 e6
10.Bd3 Ne7 11.Nh3 a6 12.Ne2 c5 13.c3 e5 14.Bc2 cxd4 15.cxd4 exd4 16.Bxd4 Ne5
17.O-O N7c6 18.Bxe5 dxe5 19.Qxd8+ Rxd8 20.Rfd1 O-O 21.Nf2 Rxd1+ 22.Rxd1 Rd8
23.Rxd8+ Nxd8 24.Nd3 f6 25.Bb3+ Kh7 26.Nc3 fxg5 27.hxg5 Bf8 28.Nd5 Bxd5 29.Bxd5 Bd6
30.b4 Kg7 31.Nc5 a5 32.a3  1/2-1/2

[Event "10th Parsvnath Open"]
[Site "New Delhi IND"]
[Date "2012.01.20"]
[Round "8.40"]
[White "Srija,S"]
[Black "Koshy,V"]
[Result "0-1"]
[WhiteElo "1968"]
[BlackElo "2276"]

1.e4 d6 2.d4 g6 3.Nc3 Bg7 4.Be3 c6 5.Nf3 Nd7 6.Qd2 b5 7.Bd3 a6 8.a4 Bb7 9.O-O Qc7
10.Ne2 Ngf6 11.Ng3 Ng4 12.c3 Nxe3 13.Qxe3 O-O 14.h4 e5 15.h5 Rfe8 16.Rfc1 d5
17.hxg6 hxg6 18.Qg5 bxa4 19.Rxa4 c5 20.exd5 Bxd5 21.Nxe5 Nxe5 22.dxe5 Rxe5
23.Qh4 Qb7 24.Rca1 Qxb2 25.c4 Bc6 26.Rxa6 Qxa1+ 27.Rxa1 Rxa1+ 28.Kh2 Ra8
29.f4 Re3 30.Bf1 f5 31.Qg5 Kf7 32.Nxf5 Rh8+ 33.Kg1 gxf5 34.Qxf5+ Bf6 35.Qxc5 Re4
36.Qa7+ Re7 37.Qc5  0-1

[Event "TCh-LTU 2012"]
[Site "Lithuania LTU"]
[Date "2012.01.21"]
[Round "1"]
[White "Novikovas,A"]
[Black "Mickevicius,J"]
[Result "0-1"]
[WhiteElo "1932"]
[BlackElo "2343"]

1.e4 g6 2.d4 Bg7 3.Nc3 d6 4.Be2 c6 5.a4 a5 6.h4 Qb6 7.Nf3 Bg4 8.d5 Nd7 9.Ng5 Bxe2
10.Qxe2 Ngf6 11.O-O Ne5 12.b3 Qc5 13.Bb2 O-O 14.Rad1 Rac8 15.Nh3 cxd5 16.exd5 Qb4
17.Nb5 Qxh4 18.Bxe5 dxe5 19.Qxe5 Ne4 20.Qf4 Qxf4 21.Nxf4 Nc3 22.Nxc3 Rxc3
23.Rfe1 Bf6 24.d6 e6 25.Re2 Rd8 26.Nh3 Rd7 27.f4 Rc6 28.Red2 Bc3 29.Rd3 Bb4
30.c4 Rcxd6 31.Rxd6 Rxd6 32.Rxd6 Bxd6 33.g3 h5 34.Ng5 b6 35.Kf2 h4 36.Ne4 hxg3+
37.Kxg3 Be7 38.Kf3 Kf8 39.Ke3 f5 40.Nc3 Bc5+ 41.Kf3 Ke7 42.Nb5 Kf6 43.Nc3 Bb4
44.Na2 Bd2 45.Kg3 Ke7  0-1

[Event "TCh-LTU 2012"]
[Site "Lithuania LTU"]
[Date "2012.01.21"]
[Round "1"]
[White "Limontas,M"]
[Black "Kuvsinov,A"]
[Result "1/2-1/2"]
[WhiteElo "2292"]
[BlackElo "1969"]

1.d4 d6 2.e4 g6 3.Nc3 Bg7 4.g3 Nf6 5.Bg2 Nc6 6.d5 Nb8 7.Nge2 O-O 8.Be3 e5
9.h3 Ne8 10.g4 f5 11.gxf5 gxf5 12.exf5 Bxf5 13.Qd2 Nf6 14.O-O-O Nbd7 15.Ng3 Bg6
16.Rdg1 Kh8 17.h4 Nh5 18.Nxh5 Bxh5 19.Be4 Nf6 20.Bh6 Bxh6 21.Qxh6 Qe7 22.Rh3 Rg8
23.Rxg8+ Rxg8 24.Bxh7 Qg7 25.Qxg7+ Rxg7 26.Bd3 Rg1+ 27.Kd2 Rg2 28.Ke1 Rg1+
29.Bf1 e4 30.Rg3 Rh1 31.Rh3 Rg1 32.Rg3 Rh1 33.Rh3  1/2-1/2

[Event "11th Marienbad IMB1"]
[Site "Marianske Lazne CZE"]
[Date "2012.01.22"]
[Round "2"]
[White "Varitski,I"]
[Black "Cherednichenko,S"]
[Result "1/2-1/2"]
[WhiteElo "2283"]
[BlackElo "2265"]

1.e4 g6 2.d4 Bg7 3.Nc3 d6 4.Be3 a6 5.a4 Nd7 6.g3 e5 7.Bg2 Ngf6 8.h3 O-O 9.Nge2 exd4
10.Bxd4 Re8 11.O-O Rb8 12.Ba7 Ra8 13.Bd4  1/2-1/2

[Event "10th Parsvnath Open"]
[Site "New Delhi IND"]
[Date "2012.01.22"]
[Round "10.32"]
[White "Sidhant,M"]
[Black "Dzhumaev,M"]
[Result "1/2-1/2"]
[WhiteElo "2168"]
[BlackElo "2481"]

1.e4 g6 2.d4 Bg7 3.Nc3 d6 4.Bg5 a6 5.f4 Nd7 6.Nf3 c5 7.Qd2 h6 8.Bh4 cxd4
9.Nxd4 Ngf6 10.O-O-O O-O 11.Nf3 Qc7 12.g4 Nb6 13.h3 Nh7 14.f5 Re8 15.fxg6 fxg6
16.Nd5 Nxd5 17.Qxd5+ Kh8 18.e5 Bd7 19.Bd3 Bc6 20.Qf7 dxe5 21.Bg3 Bxf3 22.Qxf3 Qb6
23.c3 Rac8 24.Rhf1 Ng5 25.Qe2 e4 26.Bc2 Qa5 27.Kb1 Qb6 28.Kc1 Qa5 29.Kb1 Rxc3
30.Be1 Qb6 31.Bxc3 Bxc3 32.Bb3 Bg7 33.h4 Nf3 34.Qxe4 Nd4 35.Rd3 a5 36.Rf7 Nxb3
37.axb3 Qg1+ 38.Ka2 Qh2 39.Rd4 a4 40.Qxg6 axb3+ 41.Kxb3 Qe5 42.Rxg7 Qb5+
43.Rb4 Qd5+ 44.Rc4 Qd1+  1/2-1/2

[Event "Gibraltar Open"]
[Site "Caleta ENG"]
[Date "2012.01.24"]
[Round "1.103"]
[White "Skutta,B"]
[Black "Jernselius,K"]
[Result "1-0"]
[WhiteElo "2078"]
[BlackElo "1858"]

1.d4 g6 2.e4 Bg7 3.Nc3 d6 4.Be3 a6 5.f4 e6 6.Nf3 Ne7 7.Bd3 O-O 8.h4 b5 9.h5 b4
10.Ne2 Nd7 11.Qd2 c5 12.hxg6 fxg6 13.Ng5 cxd4 14.Nxd4 Nc5 15.Nxh7 e5 16.fxe5 dxe5
17.Bc4+ Rf7 18.Bxf7+ Kxf7 19.Qf2+ Kg8 20.Nf6+ Kf7 21.Nd7+ Kg8 22.Nxc5 exd4
23.O-O-O Nc6 24.Nb3 Bg4 25.Rd2 Qe7 26.Nxd4 Qxe4 27.Nxc6 Qxc6 28.Qh4 Bxb2+
29.Kxb2 Qc3+ 30.Kb1 Qxe3 31.Qxg4 Qxd2 32.Qxg6+ Kf8 33.Rh8+ Ke7 34.Rh7+  1-0

[Event "Gibraltar Open"]
[Site "Caleta ENG"]
[Date "2012.01.24"]
[Round "1.96"]
[White "Osuna Vega,E"]
[Black "Van Diermen,A"]
[Result "1-0"]
[WhiteElo "2122"]
[BlackElo "1904"]

1.e4 g6 2.d4 Bg7 3.Nc3 d6 4.f4 Nf6 5.Nf3 O-O 6.Bd3 Nc6 7.O-O Bg4 8.Be3 e5
9.fxe5 dxe5 10.d5 Nd4 11.Be2 Nxe2+ 12.Qxe2 Nh5 13.Qc4 a6 14.Rad1 Kh8 15.Bc5 b5
16.Qb3 Re8 17.d6 Be6 18.Qa3 cxd6 19.Bxd6 Qb6+ 20.Bc5 Qb7 21.Rfe1 Rad8 22.Qa5 Bf6
23.Qb6 Qxb6 24.Bxb6 Rc8 25.a3 g5 26.g3 Kg7 27.Kf2 Kg6 28.Rd6 Kg7 29.Be3 g4
30.Nd2 a5 31.Rb6 Rb8 32.Rxb5 Rec8 33.Rc1 Rxb5 34.Nxb5 Be7 35.c4 Bc5 36.Bxc5 Rxc5
37.b4 Rc6 38.c5 Bd7 39.Nc3 axb4 40.axb4 Ra6 41.b5 Rf6+ 42.Ke3 Kf8 43.Nd5 Bxb5
44.Nxf6 Nxf6 45.c6 Ba6 46.Ra1  1-0

[Event "Gibraltar Open"]
[Site "Caleta ENG"]
[Date "2012.01.24"]
[Round "1.26"]
[White "Howell,D"]
[Black "Gislason,G"]
[Result "1-0"]
[WhiteElo "2603"]
[BlackElo "2332"]

1.e4 d6 2.d4 g6 3.Nc3 Bg7 4.f4 a6 5.Nf3 b5 6.Bd3 Nd7 7.e5 c5 8.Be4 Rb8 9.Be3 cxd4
10.Nxd4 dxe5 11.Nc6 Qc7 12.Nxb8 Qxb8 13.f5 Ngf6 14.fxg6 b4 15.gxf7+ Kf8 16.Nd5 Nxe4
17.Nxe7 Kxe7 18.Qg4 Nef6 19.Qxg7 Rf8 20.O-O-O Qc7 21.Rhf1 Rxf7 22.Qh6 Bb7
23.Qh4 Be4 24.Rf2 Qc6 25.Bg5 Ke8 26.Rfd2 a5 27.Qf2 Rg7 28.Qe3 Ng4 29.Qe2 a4
30.Rd6 Qxc2+ 31.Qxc2 Bxc2 32.Re6+ Kf8 33.Kxc2 Rxg5 34.Rxd7 Ne3+ 35.Kd3 Nxg2
36.Ra6  1-0

[Event "11th Marienbad IMB1"]
[Site "Marianske Lazne CZE"]
[Date "2012.01.24"]
[Round "4"]
[White "Mickiewicz,P"]
[Black "Cherednichenko,S"]
[Result "0-1"]
[WhiteElo "2371"]
[BlackElo "2265"]

1.e4 d6 2.d4 g6 3.Nc3 Bg7 4.Bg5 a6 5.Qd2 b5 6.h4 h6 7.Be3 Nf6 8.f3 Nbd7 9.a4 b4
10.Nce2 a5 11.Ng3 h5 12.Nh3 c5 13.dxc5 Nxc5 14.Ng5 O-O 15.e5 Nfd7 16.f4 Ba6
17.Qd4 dxe5 18.f5 Qc7 19.fxg6 fxg6 20.Qd5+ Kh8 21.O-O-O Bb7 22.Ne6 Nxe6 23.Qxe6 Nf6
24.Bb5 Rac8 25.Rd2 Bd5 26.Qh3 Ng4 27.Nf1 Be4 28.Kd1 Bxc2+ 29.Ke2 e4 30.Rd7 Bd3+
31.Rxd3  0-1

[Event "Gibraltar Open"]
[Site "Caleta ENG"]
[Date "2012.01.25"]
[Round "2.125"]
[White "Kazmierczak,Ewa"]
[Black "Kuehnast,V"]
[Result "0-1"]
[WhiteElo "1477"]
[BlackElo "1933"]

1.e4 g6 2.d4 Bg7 3.Nc3 d6 4.Nf3 Bg4 5.Be2 Nc6 6.Be3 e6 7.h3 Bxf3 8.Bxf3 e5
9.d5 Nd4 10.Ne2 Nxf3+ 11.gxf3 Qd7 12.Qd3 Ne7 13.Nc3 O-O 14.h4 f5 15.O-O-O b5
16.b3 f4 17.Bd2 Rfb8 18.h5 g5 19.h6 Bf6 20.Qf1 Kf7 21.Kb1 Rg8 22.Bc1 Rg6
23.Qh3 Qxh3 24.Rxh3 Rag8 25.Rg1 g4 26.Rxg4 Rxg4 27.fxg4 Rxg4 28.Rh2 Rh4 29.Rxh4 Bxh4
30.f3 Kg6 31.Ne2 Ng8 32.Bd2 Kf7 33.Ba5 Bd8 34.Nc1 Ke7 35.Nd3 Nxh6 36.Nb4 Kd7
37.Nc6 Nf7 38.Nb8+ Kc8 39.Nc6 Ng5 40.Kc1 Nxf3 41.Kd1 Ng5 42.c4 bxc4 43.bxc4 Nxe4
44.Ke2 Nc5 45.Nb4 e4 46.Nc6 h5 47.Bb4 f3+ 48.Kf1 e3 49.Nd4 Nd3 50.Bc3 e2+  0-1

[Event "11th Marienbad Open"]
[Site "Marianske Lazne CZE"]
[Date "2012.01.25"]
[Round "6"]
[White "Novy,Filip"]
[Black "Kierzek,Mi"]
[Result "1-0"]
[WhiteElo "1639"]
[BlackElo "2045"]

1.e4 g6 2.d4 Bg7 3.Nc3 d6 4.Be3 Nf6 5.Nge2 c6 6.Ng3 Qa5 7.Be2 Nbd7 8.O-O O-O
9.f4 e5 10.Qd2 Qc7 11.Rad1 Nb6 12.f5 a6 13.Rf2 Bd7 14.Rdf1 Bc8 15.dxe5 dxe5
16.Bc5 Rd8 17.Qe3 Nfd7 18.Be7 Re8 19.f6 a5 20.Nf5 Nxf6 21.Bxf6 Bxf5 22.Bxg7 Bxe4
23.Nxe4 f5 24.Nf6+ Kxg7 25.Nxe8+ Rxe8 26.Rd1 Re7 27.c4 h6 28.Bf1 a4 29.Rfd2 g5
30.Rd6 Nd5 31.Qa3 Nb6 32.Qh3 Kg8 33.Rg6+ Rg7 34.Qxf5 Qf7 35.Rd8+ Kh7 36.Rf6+  1-0

[Event "Gibraltar Open"]
[Site "Caleta ENG"]
[Date "2012.01.26"]
[Round "3.122"]
[White "Savage,Neil"]
[Black "Van Diermen,A"]
[Result "0-1"]
[WhiteElo "1645"]
[BlackElo "1904"]

1.e4 g6 2.d4 Bg7 3.Nc3 d6 4.Be2 Nf6 5.h4 h5 6.Bg5 c6 7.Qd2 b5 8.a3 Nbd7 9.f3 Nb6
10.O-O-O a5 11.e5 Nfd5 12.exd6 Qxd6 13.Ne4 Qc7 14.Nc5 f6 15.Be3 Nxe3  0-1

[Event "Gibraltar Open"]
[Site "Caleta ENG"]
[Date "2012.01.27"]
[Round "4.103"]
[White "Thornton,J"]
[Black "Kuehnast,V"]
[Result "1-0"]
[WhiteElo "2050"]
[BlackElo "1933"]

1.e4 g6 2.d4 Bg7 3.Nc3 d6 4.Be3 a6 5.h4 h5 6.Bd3 Nd7 7.Qd2 c5 8.Nce2 b5 9.c3 Bb7
10.f3 Ngf6 11.Nh3 Qc7 12.O-O O-O 13.Bh6 e5 14.Bxg7 Kxg7 15.Kh1 Rae8 16.dxe5 Nxe5
17.Nhf4 d5 18.exd5 Nxd3 19.Qxd3 Bxd5 20.b3 Bc6 21.c4 b4 22.Rad1 Rd8 23.Qe3 Bb7
24.Nd3 Rc8 25.Qf4 Rfe8 26.Ng3 Qxf4 27.Nxf4 Rcd8 28.Nd3 Nd7 29.Rfe1 Kf8 30.Kg1 Bc6
31.Kf2 a5 32.Rxe8+ Kxe8 33.Re1+ Kf8 34.Re3 Re8 35.Rxe8+ Kxe8 36.Ke3 Ke7 37.Ne4 Bxe4
38.Kxe4 Kd6 39.g4 hxg4 40.fxg4 Nf6+ 41.Kf4 Nh7 42.h5 gxh5 43.gxh5  1-0

[Event "Gibraltar Open"]
[Site "Caleta ENG"]
[Date "2012.01.27"]
[Round "4.115"]
[White "Ranaivoharisoa,A"]
[Black "Jernselius,K"]
[Result "1-0"]
[WhiteElo "2135"]
[BlackElo "1858"]

1.e4 g6 2.d4 Bg7 3.Nc3 d6 4.f4 a6 5.Nf3 b5 6.Bd3 b4 7.Ne2 e6 8.f5 exf5 9.exf5 Bb7
10.O-O Nf6 11.Qe1 a5 12.Nf4+ Kd7 13.c3 Re8 14.Qd1 bxc3 15.bxc3 Ne4 16.Qb3 Ra7
17.Qxf7+ Re7 18.Qb3 gxf5 19.Qb5+ Kc8 20.Qxf5+ Qd7 21.Nd5 Bxd5 22.Qxd5 c6
23.Qb3 d5 24.Bf4 Rb7 25.Qa3 Rf7 26.Ne5 Bxe5 27.Bxe5 Qd8 28.Rxf7 Rxf7 29.Rb1 Rb7
30.Rf1 Qe7 31.Qxe7 Rxe7 32.Rf8+ Kd7 33.Rxb8 Nxc3 34.Bf5+  1-0

[Event "Gibraltar Open"]
[Site "Caleta ENG"]
[Date "2012.01.27"]
[Round "4.14"]
[White "Hunt,A"]
[Black "Svidler,P"]
[Result "0-1"]
[WhiteElo "2462"]
[BlackElo "2749"]

1.e4 g6 2.d4 Bg7 3.Nc3 d6 4.Be3 a6 5.f4 b5 6.Bd3 Bb7 7.Nf3 Nd7 8.e5 Nh6 9.Qe2 c5
10.dxc5 dxe5 11.fxe5 Qc7 12.e6 fxe6 13.O-O-O Nf5 14.Ne4 O-O 15.Kb1 Bd5 16.a3 Rab8
17.Bf2 b4 18.a4 b3 19.c4 Bxe4 20.Qxe4 Nxc5 21.Bxc5 Qxc5 22.Qxe6+ Kh8 23.Rhe1 Rb6
24.Qd5 Qb4 25.Bxf5 Qxa4 26.Nd4 Rxf5 27.Qd8+ Rf8 28.Qxe7 Qa2+ 29.Kc1 Qa1+
30.Kd2 Qxb2+ 31.Ke3 Qf2+ 32.Ke4 Rf4+ 33.Kd5 Rxd4+ 34.Rxd4 Qxd4+  0-1

[Event "11th Marienbad IMB2"]
[Site "Marianske Lazne CZE"]
[Date "2012.01.27"]
[Round "8"]
[White "Iwanow,A"]
[Black "Kulicov,O"]
[Result "0-1"]
[WhiteElo "2180"]
[BlackElo "2425"]

1.e4 g6 2.d4 Bg7 3.Nc3 d6 4.Nf3 a6 5.Be3 b5 6.Bd3 Nd7 7.a4 b4 8.Ne2 Ngf6
9.h3 O-O 10.c3 bxc3 11.Nxc3 c5 12.O-O Bb7 13.Re1 cxd4 14.Bxd4 Qb8 15.b4 e5
16.Be3 d5 17.Bg5 dxe4 18.Bxe4 Nxe4 19.Nxe4 Bxe4 20.Rxe4 Qb7 21.Rh4 e4 22.Nd2 Rfe8
23.Rc1 Nf6 24.Qe2 Qxb4 25.Rc4 Qb2 26.Qe3 Qa1+ 27.Kh2 Nd5 28.Qc5 Qe5+ 29.g3 Qxg5
30.Nxe4 Qe5 31.Nd6 Bf8  0-1

[Event "11th Marienbad Open"]
[Site "Marianske Lazne CZE"]
[Date "2012.01.27"]
[Round "8"]
[White "Seraoui,Mohcen"]
[Black "Didenko,Sergei"]
[Result "1/2-1/2"]
[WhiteElo "2169"]
[BlackElo "2205"]

1.e4 d6 2.d4 g6 3.Nc3 Bg7 4.Nf3 e6 5.Be2 Ne7 6.O-O O-O 7.Re1 Nd7 8.Bf1 b6
9.Bg5 h6 10.Be3 Bb7 11.Qd2 Kh7 12.h4 Nf6 13.Bf4 Nh5 14.Bh2 f5 15.Bd3 f4 16.Rf1 Ng8
17.Qe2 Ne7  1/2-1/2

[Event "TCh-CAT 2012"]
[Site "Catalunya ESP"]
[Date "2012.01.28"]
[Round "1.7"]
[White "Armengol Comas,J"]
[Black "Borras Duran,Pe"]
[Result "1/2-1/2"]
[WhiteElo "2212"]
[BlackElo "2180"]

1.e4 g6 2.d4 Bg7 3.Nc3 d6 4.g3 Nd7 5.Bg2 e5 6.Nge2 Ne7 7.Be3 O-O 8.h4 exd4
9.Bxd4 Ne5 10.f4 Ng4 11.Bxg7 Kxg7 12.Qd4+ Kg8 13.O-O-O Nc6 14.Qg1 h5 15.e5 Bf5
16.Nd4 Nxd4 17.Rxd4 Qe7 18.Nd5 Qe6 19.exd6  1/2-1/2

[Event "Moscow Open 2012 A"]
[Site "Moscow RUS"]
[Date "2012.01.28"]
[Round "1.40"]
[White "Lastin,A"]
[Black "Losev,D"]
[Result "1/2-1/2"]
[WhiteElo "2538"]
[BlackElo "2321"]

1.d4 g6 2.e4 Bg7 3.Nc3 d6 4.f4 Nf6 5.Nf3 O-O 6.Bd3 Nc6 7.O-O Bg4 8.e5 Nd7
9.Be3 Nb6 10.a3 e6 11.h3 dxe5 12.dxe5 Bf5 13.Bxf5 exf5 14.Qe2 Nd5 15.Nxd5 Qxd5
16.Rfd1 Qe6 17.Ng5 Qe7 18.Qc4 Rfd8 19.Bc5 Rxd1+ 20.Rxd1 Qe8 21.Bf2 h6 22.Nf3 Rd8
23.Rxd8 Qxd8 24.h4 Qd1+ 25.Kh2 a6 26.b4 h5 27.c3  1/2-1/2